00942nam a2200229Ii 45000010005000000030009000050080041000140200015000550400033000700410008001030820017001111000047001282450206001752640035003813000012004163360026004283370028004543380027004829400050005099990017005599520136005763257CO-ViMGA241108s9999||||xx |||||||||||||| ||und|| a9587070135 aCO-ViMGAbspaerdacCO-ViMGA0 aspa04a331.252 C67d1 aÓscar Iván Cortés Hernández95098410aDerecho de la seguridad social:bactualizado con las reformas laboral (ley 789 de 2002), al sistema general de riesgos profesionales (ley 776 de 2002) y al sistema general de pensiones Ley 797 de 2003) 1aBogotá, Colombia : ABC, 2003 avolumen atextbtxt2rdacontent aunmediatedbn2rdamedia avolumebnc2rdacarrier aidficha_siabuc: 3180. -- ficha_no_siabuc:3257 c45686d45686 001040708001aMEVIGERRbMEVIGERRcGENd2006-11-27o331.252 C67dpECA1613r2024-11-26 09:29:04tEj.1w2024-11-26yBKz3180 | 4590